На что нам жизнь дана: повести, очерки; пер. с белорус.

Bibliographische Detailangaben
1. Verfasser: Яковенко В. Т. Василь Тимофеевич
Weitere Verfasser: Конопкин В. Вадим (иллюстратор)
Zusammenfassung:Исключено из фонда НТБ ТПУ
Sprache:Russisch
Veröffentlicht: Москва, Советский писатель, 1991
Format: MixedMaterials Buch
KOHA link:https://koha.lib.tpu.ru/cgi-bin/koha/opac-detail.pl?biblionumber=152980

MARC

LEADER 00000nam0a2200000 4500
001 152980
005 20231031151218.0
010 |a 5265013490 
020 |a RU  |b 91-14284 
035 |a (RuTPU)RU\TPU\book\165871 
090 |a 152980 
100 |a 20090206d1991 m y0rusy5003 ca 
101 1 |a rus 
102 |a RU 
105 |a c z 000ay 
200 1 |a На что нам жизнь дана  |e повести, очерки   |e пер. с белорус.  |f В. Т. Яковенко  |g худож. В. Конопкин 
210 |a Москва  |c Советский писатель  |d 1991 
215 |a 480 с.  |d 20 см  |c портр. 
333 |a Исключено из фонда НТБ ТПУ 
700 1 |a Яковенко  |b В. Т.  |g Василь Тимофеевич  |4 070 
702 1 |a Конопкин  |b В.  |g Вадим  |4 440 
801 0 |a RU  |b RuMRKP  |c 19950417  |g psbo 
801 1 |a RU  |b 63413507  |c 20090206  |g PSBO 
801 2 |a RU  |b 63413507  |c 20170517  |g PSBO 
942 |c BK